000 00774nam a22002537a 4500
001 BR8305182
003 BR-BrBNA
005 20230928091756.0
007 ta
008 230509b bl.||||| |||| 00| 0 por d
040 _aBR-BrBNA
_bpor
_cBiblioteca Nacional de Agricultura
041 _a(Por)
072 _aN00; D10
_b/G514
090 _ N00 BR8305182
110 1 _aMinisterio da Agricultura, Brasilia, DF (Brasil). Secretaria de Acompanhamento e Avaliacao
_96822
245 1 _aPerfil geral das atividades do Centro Nacional de Engenharia Agricola [Brasil]
260 3 _aBrasilia, DF (Brasil):
_c1983.
300 _a33 p.
500 _a7 tables
650 _aENGENHARIA AGRICOLA
650 _aADMINISTRACAO
909 _a202309
_bLucia
_c55
_dLucia Elande
942 _cBK
999 _c35466
_d35466